Bagombo snuff box (Record no. 11)
[ view plain ]
| 000 -LEADER | |
|---|---|
| fixed length control field | 00536nam a22001937a 4500 |
| 001 - CONTROL NUMBER | |
| control field | 11 |
| 003 - CONTROL NUMBER IDENTIFIER | |
| control field | FISKH |
| 005 - DATE AND TIME OF LATEST TRANSACTION | |
| control field | 20251017113344.0 |
| 008 - FIXED-LENGTH DATA ELEMENTS--GENERAL INFORMATION | |
| fixed length control field | 230103b |||||||| |||| 00| 0 eng d |
| 020 ## - INTERNATIONAL STANDARD BOOK NUMBER | |
| International Standard Book Number | 042517446 |
| 040 ## - CATALOGING SOURCE | |
| Transcribing agency | FISKH |
| 050 ## - LIBRARY OF CONGRESS CALL NUMBER | |
| Classification number | PS3572 |
| Item number | .O5 B34 2000 |
| 100 ## - MAIN ENTRY--PERSONAL NAME | |
| Personal name | Vonnegut, Kurt |
| Dates associated with a name | 1922-2007 |
| 245 ## - TITLE STATEMENT | |
| Title | Bagombo snuff box |
| Remainder of title | uncollected short fiction with an introduction by the author |
| Statement of responsibility, etc. | Kurt Vonnegut |
| 260 ## - PUBLICATION, DISTRIBUTION, ETC. | |
| Place of publication, distribution, etc. | New York |
| Name of publisher, distributor, etc. | Berkley |
| Date of publication, distribution, etc. | 2000 |
| 300 ## - PHYSICAL DESCRIPTION | |
| Extent | xxii, 357 p. ; |
| Dimensions | 21 cm. |
| 521 ## - TARGET AUDIENCE NOTE | |
| Target audience note | 980 |
| Source | FISKH |
| 942 ## - ADDED ENTRY ELEMENTS (KOHA) | |
| Source of classification or shelving scheme | Library of Congress Classification |
| Koha item type | Books |
| Suppress in OPAC | No |
| Withdrawn status | Lost status | Source of classification or shelving scheme | Damaged status | Not for loan | Collection | Home library | Current library | Shelving location | Date acquired | Total Checkouts | Full call number | Barcode | Date last seen | Price effective from | Koha item type |
|---|---|---|---|---|---|---|---|---|---|---|---|---|---|---|---|
| Dewey Decimal Classification | Fiction | Footprints International School Library Network Toul Kork Campus | Footprints International School Library Network Toul Kork Campus | A TK Campus, 4th Floor, Room B401, Fiction Bookcases (1-6) | 01/03/2023 | VON 813.54 PS3572.O5 B34 | 2023-0003 | 10/02/2023 | 01/03/2023 | Books |
